Statistics for Most Runs in Cricket Test Matches by Country

Click here to take the quiz!

General Stats

  • This quiz has been taken 97 times
  • The average score is 19 of 27

Answer Stats

HintAnswer% Correct
15,921Sachin Tendulkar
98%
11,912Brian Lara
91%
13,378Ricky Ponting
89%
9000Alistair Cook
88%
13,265Rahul Dravid
88%
13,206Jacques Kallis
85%
12,271Kumar Sangakkara
84%
9265Graeme Smith
80%
11,814Mahela Jayawardene
80%
8640Younis Khan
79%
10,927Steve Waugh
78%
8829Inzamam-ul-Haq
75%
11,867Shiv Chanderpaul
75%
8540Viv Richards
74%
8900Graham Gooch
71%
10,122Sunil Gavaskar
67%
11,174Alan Border
66%
6008Brendon McCullum
66%
8832Javed Miandad
62%
7172Stephen Fleming
62%
7606AB de Villiers
55%
5444Martin Crowe
55%
6973Sanath Jayasuriya
55%
2741Shakib al Hasan
54%
3055Tamim Iqbal
51%
8463Alec Stewart
49%
3026Habibul Bashar
22%

Score Distribution

Percentile by Number Answered

Percent of People with Each Score

Your Score History

You have not taken this quiz